Quantitative business methods using excel
| Main Author: | |
|---|---|
| Format: | Book |
| Published: |
Oxford :
Oxford University Press ,
1998
|
| Subjects: |
MARC
| LEADER | 00000cam a2200000 7i4500 | ||
|---|---|---|---|
| 001 | 0000116460 | ||
| 005 | 20080227.0 | ||
| 020 | |a 0198775458 | ||
| 090 | 0 | 0 | |a 650.0151 |b WHI |
| 100 | 1 | |a Whigham, David | |
| 245 | 1 | 0 | |a Quantitative business methods using excel |c David Whigham |
| 260 | |a Oxford : |b Oxford University Press , |c 1998 | ||
| 300 | |a 467p. ; |c 25cm. | ||
| 650 | 0 | 0 | |a Microsoft Excel (Computer programs) |
| 999 | |a 00209985 |b BUKU |c PINJAMAN |e PERPUSTAKAAN KOMUNITI PETALING JAYA | ||